| 000 | 00368nam a2200169Ia 4500 | ||
|---|---|---|---|
| 999 |
_c6080 _d6080 |
||
| 003 | OSt | ||
| 005 | 20191005150516.0 | ||
| 008 | 190906s9999||||xx |||||||||||||| ||und|| | ||
| 020 | _a978-0073126630 | ||
| 040 | _cmaju | ||
| 100 | _a McConnell, | ||
| 245 | 0 | _aEconomics | |
| 260 |
_aUSA _b McGraw Hill _c2002 |
||
| 300 | _a793 | ||
| 600 | _2Economics | ||
| 942 |
_cBK _2ddc |
||